Score 0/22 Timer 04:00
0 Plays Today
Two Clues 'S' Word % Correct
Soy or TabascoSauce
97.9%
Elementary or highSchool
97.9%
Great White or hammerheadShark
97.5%
Ohio or TennesseeState
97.4%
Bart or O.J.Simpson
97.3%
Asp or pythonSnake
97.2%
Sirloin or T-boneSteak
96.7%
Campbell's or ChunkySoup
95.5%
Flat head or Phillips headScrewdriver
92.5%
Epsom or iodizedSalt
89.1%
Caspian or SargassoSea
87.7%
Two Clues 'S' Word % Correct
Club or ReubenSandwich
84.7%
Fifi La Fume or Pepé Le PewSkunk
81.8%
Francis of Assisi or Ignatius of LoyolaSaint
79.6%
Kubrick or TucciStanley
79%
Dial or Irish SpringSoap
77.3%
Cobb or WaldorfSalad
77.1%
Crosscut or miterSaw
65%
Charlotte or ShelobSpider
53.4%
Rocky or ScratSquirrel
48.1%
'-ization' or '-ology'Suffix
25.7%
Eisenstein or FedorovSergei
25.4%
Remove Ads.
Support Sporcle.
Get the best of Sporcle when you Go Orange. This ad-free experience offers more features, more stats, and more fun while also helping to support Sporcle. Thank you for becoming a member.

You're not logged in!

Compare scores with friends on all Sporcle quizzes.
OR
Log In

Show Comments

Extras

Top Quizzes Today


Score Distribution

Your Account Isn't Verified!

In order to create a playlist on Sporcle, you need to verify the email address you used during registration. Go to your Sporcle Settings to finish the process.

Report this User

Report this user for behavior that violates our Community Guidelines.

Details: